<?xml version="1.0" encoding="UTF-8"?>
<marc:record xmlns:marc="http://www.loc.gov/MARC21/slim">
   <marc:leader>00000nam a2200000 a 4500</marc:leader>
   <marc:datafield ind1="1" ind2=" " tag="100">
      <marc:subfield code="a">Beliveau, Richard</marc:subfield>
      <marc:subfield code="4">aut</marc:subfield>
      <marc:subfield code="e">Verfasser/-in</marc:subfield>
   </marc:datafield>
   <marc:datafield ind1="1" ind2=" " tag="100">
      <marc:subfield code="a">Gingras, Denis</marc:subfield>
      <marc:subfield code="4">aut</marc:subfield>
      <marc:subfield code="e">Verfasser/-in</marc:subfield>
   </marc:datafield>
   <marc:datafield ind1=" " ind2=" " tag="653">
      <marc:subfield code="a">Lebensmittel</marc:subfield>
   </marc:datafield>
   <marc:datafield ind1=" " ind2=" " tag="653">
      <marc:subfield code="a">Immunsystem</marc:subfield>
   </marc:datafield>
   <marc:datafield ind1="0" ind2="0" tag="245">
      <marc:subfield code="a">Krebszellen mögen keine Himbeeren</marc:subfield>
   </marc:datafield>
   <marc:datafield ind1="0" ind2="0" tag="245">
      <marc:subfield code="b">Das Kochbuch</marc:subfield>
   </marc:datafield>
   <marc:datafield ind1="0" ind2="0" tag="245">
      <marc:subfield code="c">Richard Beliveau ; Denis Gingras</marc:subfield>
   </marc:datafield>
   <marc:datafield ind1=" " ind2="1" tag="264">
      <marc:subfield code="a">München</marc:subfield>
      <marc:subfield code="b">Kösel-Verl.</marc:subfield>
      <marc:subfield code="c">2008</marc:subfield>
   </marc:datafield>
   <marc:datafield ind1="1" ind2=" " tag="520">
      <marc:subfield code="a">Die aufsehenerregenden Erkenntnisse des Buches "Krebszellen mögen keine Himbeeren" haben gezeigt, wie wir unsere Gesundheit durch geeignete Lebensmittel schützen können. Und nun an die Töpfe! Im neuen Buch von Béliveau/Gingras gibt's schmackhafte und originelle Rezepte, die Lust auf gutes Essen machen: Frühstück, Snacks, Vorspeisen, Suppen, Hauptgerichte, Saucen, Würzmischungen, Beilagen, Salate und Desserts. - Mit zusätzlichen Informationen über Ernährung als Krebsprävention, u.a. über die unschlagbare Rolle von Algen, Pilzen, Leinsamen, Gewürzen und noch mehr. Ein Augen- und Gaumenschmaus für die Gesundheit!</marc:subfield>
   </marc:datafield>
   <marc:datafield ind1=" " ind2=" " tag="020">
      <marc:subfield code="a">3466345227</marc:subfield>
      <marc:subfield code="9">3466345227</marc:subfield>
   </marc:datafield>
   <marc:datafield ind1=" " ind2=" " tag="500">
      <marc:subfield code="a">Aus dem Französ. von Hanna van Laak</marc:subfield>
   </marc:datafield>
   <marc:datafield ind1=" " ind2=" " tag="300">
      <marc:subfield code="a">272 S.: farbig ill.</marc:subfield>
   </marc:datafield>
</marc:record>
